Statystyki dla Filozofia - hasła

Kliknij tutaj aby rozwiązać quiz!

Ogólne statystyki

  • Ten quiz został rozwiązany 24 razy
  • Średni wynik to 10 z 23

Statystyki odpowiedzi

HintOdpowiedź% Poprawnych
Idea, AnamnezaPlaton
95%
Złoty środek, Cnota dianoetycznaArystoteles
90%
Socjalizm naukowy, WyzyskKarol Marks
76%
Cogito ergo sum, MetodaKartezjusz
76%
Resentyment, DionizyjskośćFriedrich Nietzsche
67%
Duch, DialektykaGeorg W.F. Hegel
67%
Wola, Erystyka, FenomenArthur Schopenhauer
57%
Atomizm, EudaimoniaDemokryt z Abdery
57%
Dasein, TroskaMartin Heidegger
48%
Empiryzm, Sceptycyzm, GilotynaDavid Hume
43%
Intuicja, élan vitalHenri Bergson
43%
Redukcja fenomenologiczna, NoezaEdmund Husserl
38%
Falsyfikowalność, Społeczeństwo zamknięteKarl Popper
38%
Jednia, HipostazaPlotyn
38%
Reizm, PrakseologiaTadeusz Kotarbiński
33%
Egzystencja, 3 etapy rozwoju osobowościSøren Kierkegaard
29%
Utylitaryzm, Rachunek szczęśliwościJeremy Bentham
24%
Semantyczna teoria prawdy, Teoria modeliAlfred Tarski
19%
Logicyzm, Sens, ZnaczenieGottlob Frege
19%
Demokracja, AmerykaAlexis de Tocqueville
14%
Wartość perfekcyjna, PacyfizmHenryk Elzenberg
14%
Epikureizm, Natura wszechrzeczyLukrecjusz
10%
Stoicyzm, Świat jako teatrMarek Aureliusz
10%

Rozkład punktacji

Percentyl według liczby udzielonych odpowiedzi

Procent ludzi z każdym wynikiem

Twoja historia wyników

Nie rozwiązałeś tego quizu